00623nam a2200265Ia 4500008004000000041000800040082001100048100003300059245007800092260004400170300001500214440000600229650000800235650000900243650000800252650001300260650001000273650001300283650000700296650000800303650001300311650001200324650001500336650000600351210210b1913 xxu||||| |||| 00| 0 eng d aeng a030/37 aFUNK (Issac K) and Others Ed aNew standard dictionary of the english language upon original plans Vol 1 aLondonbEducational Book Co. Ltd.c1913 axxxvii,736 a1 aVol aupon athe astandard aplans aoriginal aof aNew alanguage aenglish adictionary a1